01275nam a2200181Ia 4500008004100000050002000041100003000061240005800091245009600149260003300245300004800278490004200326500011000368504003300478505052400511650001501035700004301050120720t19691973mx ad 000 0 spa d aBF311bB31 19691 aBartley, S. Howardeautor aPrinciples of perceptionlingléssTítulo original10aPrincipios de percepciónc / S. Howard Bartley ; traducción Serafín Mercado Domenech aMéxicob : Trillasc, 1969 a581 páginasb : ilustraciones, gráficas aBiblioteca técnica de psicología  aReimresión: 1973 Incluye: índice de autores (pp. 574-576) Incluye: índice de materias (pp. 577-581) aBibliografía (pp. 559-573) aIntroducción Definición de la percepción Naturaleza simbólica de la percepción Interrelación de las diferentes modalidades sensoriales Desarrollo de la percepción Adaptación y discriminación de la brillantez Agudeza visual e imagen retiniana Percepción del color Constancias perceptuales Percepción del espacio Percepción del movimiento Características básicas de la audición Características complejas de la audición Percepciones basadas en los mecanismos musculares Sentido vestibular14aPERCEPCION1 aMercado Domenech, Serafínetraductor